| 000 | 01365nam a2200313Ia 4500 | ||
|---|---|---|---|
| 001 | B6137 | ||
| 003 | IT-RoPAU | ||
| 008 | 130308s9999 xx 000 0 und d | ||
| 040 | _aIT-RoPAU | ||
| 040 | _cIT-RoPAU | ||
| 041 | _aITALIANO | ||
| 100 | _aParaire Philippe | ||
| 100 | _gCodice Aut. SPICS: 38938 | ||
| 240 | _aCINEMA DE HOLLYWOOD (LE) | ||
| 240 | _gCodice Tit. Orig. Spics: T2670 | ||
| 245 | _aCinema di Hollywood (Il) | ||
| 245 | _bCinema di Hollywood (Il) | ||
| 250 | _a1a ed. | ||
| 260 | _aROMA | ||
| 260 | _bGremese | ||
| 260 | _c1990 [1° Ed.:1990 - Ed.Ling.Originale:1989] | ||
| 300 | _a"272 p. (prefazione: no ; testo: 272 [pagine: 0-0])" | ||
| 500 | _aTutto su Hollywood dal 1914 Ad Oggi: Film, Registi, Attori, Generi che Hanno Fatto di Hollywood la capitale Mondiale del Cinema. 75 registi e 100 Star Presentati in Schede biografiche Ordinate Alfabeticamente. 13 Generi Cinematografici: Film Comico, Melo, Dramma, Film D'Avventura, Film Storico, Western, Film Noir Classico, giallo Moderno, Film Fantastico e del Terrore, Film di Fantascienza, Musical, Film Erotico e Pornografico, Disegno Animato. indice di 1200 Film di Cui si parla nel Volume con Aneddoti, Curiosità e informazioni Varie. | ||
| 650 | _aSTORIA NAZIONALE DEL CINEMA | ||
| 650 | _eCodice materia Spics: 6809 | ||
| 942 | _cBK | ||
| 957 | _71 | ||
| 999 |
_c93264 _d93264 |
||
| 999 | _g1 | ||